Statistics for Leaders by country in Europe

Click here to take the quiz!

General Stats

  • This quiz has been taken 48 times
    (38 since last reset)
  • The average score is 11 of 47

Answer Stats

CountryPositionLeader% Correct
United KingdomPrime MinisterBoris Johnson
88%
GermanyChancellorAngela Merkel
81%
AndorraCo-PrinceEmmanuel Macron
81%
FrancePresidentEmmanuel Macron
81%
RussiaPresidentVladimir Putin
65%
VaticanPopeFrancis
62%
AustriaChancellorSebastian Kurz
58%
TurkeyPresidentRecep Tayyip Erdogan
50%
HungaryPrime MinisterViktor Orban
46%
BelarusPresidentAlexander Lukashenko
42%
SpainPrime MinisterPedro Sanchez
38%
MonacoPrinceAlbert II
35%
NetherlandsPrime MinisterMark Rutte
35%
SerbiaPresidentAleksandar Vucic
31%
ItalyPrime MinisterGiuseppe Conte
31%
UkrainePresidentVolodymyr Zelensky
31%
PolandPresidentAndrzej Duda
27%
AlbaniaPrime MinisterEdi Rama
27%
FinlandPresidentSanna Marin
27%
NorwayPrime MinisterErna Solberg
19%
CroatiaPrime MinisterAndrej Plenkovic
15%
BulgariaPrime MinisterBoyko Borisov
12%
KosovoPresidentHashim Thaci
12%
Czech RepublicPresidentMilos Zeman
12%
SwedenPrime MinisterStefan Lofven
12%
SlovakiaPrime MinisterIgor Matovic
8%
GreecePrime MinisterKyriakos Mitsotakis
8%
IrelandTaoiseachLeo Varadkar
8%
DenmarkPrime MinisterMette Frederiksen
8%
MontenegroPresidentMilo Djukanovic
8%
CyprusPresidentNicos Anastasiades
8%
North MacedoniaPresidentStevo Pendarovski
8%
LiechtensteinPrime MinisterAdrian Hasler
4%
LithuaniaPresidentGitanas Nausėda
4%
MoldovaPresidentIgor Dodon
4%
SloveniaPrime MinisterJanez Jansa
4%
EstoniaPrime MinisterJuri Ratas
4%
RomaniaPresidentKlaus Iohannis
4%
LatviaPrime MinisterKrisjanis Karins
4%
PortugalPresidentMarcelo Rebelo de Sousa
4%
Bosnia and HerzegovinaChairman of PresidencySefik Dzaferovic
4%
BelgiumPrime MinisterSophie Wilmes
4%
LuxembourgPrime MinisterXavier Bettel
4%
San MarinoCaptain RegentAlessandro Mancini / Grazia Zafferani
0%
IcelandPresidentGuðni Th. Jóhannesson
0%
MaltaPrime MinisterRobert Abela
0%
SwitzerlandPresidentSimonetta Sommaruga
0%

Score Distribution

Percentile by Number Answered

Percent of People with Each Score

Your Score History

You have not taken this quiz since the last reset